000 02666nam0a2200373 4500
001 RU\NLR\BIBL_A\011644983
005 20260127111025.0
010 _a978-5-7882-2150-2
_9100
021 _aRU
_bКН-П-18-007088
_9КН-П-18-0483
021 _aRU
_bКН-П-18-007088
_9КН-П-18-6518
035 _a(NLR Aleph) 011644983
035 _a(RuMoRGB)009533242
090 _a11099886
_c11099886
100 _a20180228d2017 k y0rusy50 ca
101 0 _arus
_aeng
102 _aRU
105 _ay|||z|||100zy
200 1 _aКонфликты в социальной сфере
_eсборник материалов X Всероссийской научно-практической конференции, Казань, 21-22 апреля 2017 года
_fМинистерство образования и науки Российской Федерации, Федеральное государственное бюджетное образовательное учреждение высшего образования "Казанский национальный исследовательский технологический университет"
_g[редакционная коллегия: д-р полит. наук С. А. Сергеев, д-р ист. наук В. М. Ловчев]
210 _aКазань
_cИзд-во КНИТУ
_d2017
215 _a307 с.
_d21
300 _aНа обл. подзаг.: X Всероссийская научно-практическая конференция, Казань, 21-22 апреля 2017 года
300 _aЧасть текста парал. рус., англ.
320 _aБиблиогр. в конце ст.
606 1 _aКонфликты социальные
_jСъезды, совещания и т.п
_92099293
_3RU\NLR\AUTH\661269835
686 1 _aС550.73я431
702 1 _4340
_7ca
_8rus
_aСергеев
_bС. А.
_cд-р полит. наук, канд. ист. наук
_f1963-
_gСергей Алексеевич
_925664
_3RU\NLR\AUTH\7742721
711 1 2 _a"Конфликты в социальной сфере", всероссийская научно-практическая и научно-методическая конференция
_d10
_eКазань
_f2017
_9593870
_3RU\NLR\AUTH\880465784
712 0 2 _4475
_aКазанский национальный исследовательский технологический университет
_9285377
_3RU\NLR\AUTH\8810198281
942 _cBOOK
980 _aNBR
980 _aNB